Talk to the hand : (Record no. 55583)
[ view plain ]
| 000 -LEADER | |
|---|---|
| fixed length control field | 01752nam a22003137a 4500 |
| 005 - DATE AND TIME OF LATEST TRANSACTION | |
| control field | 2011081809139.0 |
| 010 ## - LCCN (DPL NO) | |
| LC control number | B-428568-569 |
| 020 ## - INTERNATIONAL STANDARD BOOK NUMBER | |
| International Standard Book Number | 9780007368402 |
| Terms of availability | 199.00 |
| 035 ## - SYSTEM CONTROL NUMBER | |
| System control number | B-428568-569 |
| 037 ## - SOURCE OF ACQUISITION | |
| Source of stock number/acquisition | RBC-22425/2010-11/17.3.11/76/4.3.11/30.3.11 |
| 082 00 - DEWEY DECIMAL CLASSIFICATION NUMBER | |
| Classification number | 395 |
| Edition number | 22 |
| 100 1# - MAIN ENTRY--PERSONAL NAME | |
| Personal name | Truss, Lynne. |
| 245 10 - TITLE STATEMENT | |
| Title | Talk to the hand : |
| Remainder of title | the utter bloody rudeness of the world today, or, six good reasons to stay home and bolt the door / |
| Statement of responsibility, etc | Lynne Truss. |
| 260 ## - PUBLICATION, DISTRIBUTION, ETC. (IMPRINT) | |
| Place of publication, distribution, etc | London : |
| Name of publisher, distributor, etc | Fourth Estate, HarperCollins Publishers |
| Date of publication, distribution, etc | c2007. |
| 270 ## - ADDRESS | |
| Address | 77-85, Fullham Palace Road, Hammersmith |
| City | London |
| 300 ## - PHYSICAL DESCRIPTION | |
| Extent | x, 214 p. ; |
| Dimensions | 20 cm. (Pbk) |
| 500 ## - GENERAL NOTE | |
| General note | Includes bibliographical references |
| 504 ## - BIBLIOGRAPHY, ETC. NOTE | |
| Bibliography, etc | Includes bibliographical references (p. 203-206). |
| 505 0# - FORMATTED CONTENTS NOTE | |
| Formatted contents note | Was that so hard to say? -- Why am I the one doing this? -- My bubble, my rules -- The unaversal eff-off reflex -- Booing the judges -- Someone else will clean it up. |
| 650 #0 - SUBJECT ADDED ENTRY--TOPICAL TERM | |
| Topical term or geographic name as entry element | Courtesy. |
| 856 41 - ELECTRONIC LOCATION AND ACCESS | |
| Uniform Resource Identifier | http://www.loc.gov/catdir/toc/fy0611/2006276654.html |
| 856 42 - ELECTRONIC LOCATION AND ACCESS | |
| Uniform Resource Identifier | http://www.loc.gov/catdir/enhancements/fy0720/2006276654-b.html |
| 856 42 - ELECTRONIC LOCATION AND ACCESS | |
| Uniform Resource Identifier | http://www.loc.gov/catdir/enhancements/fy0720/2006276654-d.html |
| 942 ## - ADDED ENTRY ELEMENTS (KOHA) | |
| Source of classification or shelving scheme | Dewey Decimal Classification |
| Item type | English Books |
| Classification part | 395 |
| Call number suffix | TRU |
| Withdrawn status | Lost status | Not for loan | Collection code | Home library | Current library | Date acquired | Source of acquisition | Cost, normal purchase price | Full call number | Barcode | Copy number | Cost, replacement price | Koha item type |
|---|---|---|---|---|---|---|---|---|---|---|---|---|---|
| Non-fiction | Central Library | Central Library | 18/08/2011 | RBC-22425/2010-11/17.3.11/76/4.3.11/30.3.11 | 199.00 | 395 TRU | B-428568 | 1 | 199.00 | English Books | |||
| Non-fiction | Sarojini Nagar | Sarojini Nagar | 18/08/2011 | RBC-22425/2010-11/17.3.11/76/4.3.11/30.3.11 | 199.00 | 395 TRU | B-428569 | 1 | 199.00 | English Books |
